• 首页
  • 本馆介绍
  • 公告通知
  • 最新文献
  • 馆藏检索
  • 电子资源
  • 读者导购
  • 参考咨询
  • 我的图书馆
  • 登录
  • 详细信息显示
  • 放入我的书架
  • 预约/预借图书
  • 作者相关作品
  • 分类相关作品
  • 丛书相关作品
  • 出版社相关作品

书目信息

  • 表格格式
  • 工作单格式
  • 卡片格式
题名:
啤酒不凡
    
 
作者: ;贾黎黎 译 ;株式会社日本啤酒杂志协会 , 株式会社日本啤酒 杂志协会监修 监修
分册: 4  
出版信息: 北京   中信出版集团股份有限公司  2018
页数: 159页
开本: 19cm
丛书名:
单 册:
中图分类: TS262.5
科图分类:
主题词: 啤酒--基本知识
电子资源:
ISBN: 978-7-5086-8848-0
000 01198nam0 2200289 450
001 0036309195
005 20180927094649.0
010    @a978-7-5086-8848-0@dCNY49.00
100    @a20180927d2018 em y0chiy50 ea
101 1  @achi@cjpn
102    @aCN@b110000
105    @aa z 001yy
200 1  @a啤酒不凡@Api jiu bu fan@9pi jiu bu fan@h4@f株式会社日本啤酒 杂志协会监修@Fzhu shi hui she ri ben pi jiu za zhi xie hui jian xiu@g贾黎黎译
210    @a北京@c中信出版集团股份有限公司@d2018
215    @a159页@c彩图@d19cm
300    @a严选之味 04
312    @a版权页英文题名:Gensen sekai no beer techou
330    @a本书带你一次了解啤酒的5种风格类别和6种口感类型,揭秘决定啤酒风味的4个关键因素,深入了解不同啤酒的香型和外观及适饮温度,让你从中找到心仪的啤酒。
510 1  @aGensen sekai no beer techou@zeng
606 0  @a啤酒@x基本知识
690    @aTS262.5@v5
702  0 @a贾黎黎@9jia li li@c(日语翻译)@4译
711 02 @a株式会社日本啤酒杂志协会@9zhu shi hui she ri ben pi jiu za zhi xie hui@4监修
711 02 @a株式会社日本啤酒 杂志协会监修@Azhu shi hui she ri ben pi jiu za zhi xie hui jian xiu
801  0 @aCN@bMUSE@c20181206
905    @aBZT@dTS262.5@e35-4
906    @dCNY49.00@n3@r1
    
    啤酒不凡.4/株式会社日本啤酒 杂志协会监修/贾黎黎译.-北京:中信出版集团股份有限公司,2018
    159页:彩图;19cm
    严选之味 04
    
    ISBN 978-7-5086-8848-0:CNY49.00
    本书带你一次了解啤酒的5种风格类别和6种口感类型,揭秘决定啤酒风味的4个关键因素,深入了解不同啤酒的香型和外观及适饮温度,让你从中找到心仪的啤酒。
●
相关链接 在五车中查询图书 在当当中查询图书 在豆瓣中查询图书


正题名:啤酒不凡     索取号:TS262.5/35-4         预约/预借

序号 登录号 条形码 馆藏地/架位号 状态 备注
1 855013   2000855013   第二书库/ [索取号:TS262.5/35-4] 在馆    
2 855014   2000855014   第二书库/ [索取号:TS262.5/35-4] 在馆    
3 855015   2000855015   第二书库/ [索取号:TS262.5/35-4] 在馆    
山东省滨州职业学院图书馆 欢迎您!
大连网信软件有限公司© 版权所有